[Event "SRB-chT3 Liga West CS"]
[Site "Serbia"]
[Date "2011.09.25"]
[Round "3"]
[White "Vujovic, Dragisa"]
[Black "Puaca, Goran"]
[Result "0-1"]
[WhiteElo "2125"]
[BlackElo "2142"]
[PlyCount "92"]
[EventDate "2011.09.11"]
[EventType "team-tourn"]
[EventRounds "11"]
[EventCountry "SRB"]
[SourceTitle "EXT 2015"]
[Source "ChessBase"]
[SourceDate "2014.11.20"]
[SourceVersion "1"]
[SourceVersionDate "2014.11.20"]
[SourceQuality "1"]

1. e4 e6 2. d4 d5 3. exd5 exd5 4. Bd3 c5 5. dxc5 Bxc5 6. Nf3 Qe7+ 7. Qe2 Qxe2+ 8. Bxe2 Bf5 9. c3 Nc6 10. 0-0 Nf6 11. Nbd2 0-0 12. Nb3 Bb6 13. Bf4 Rfe8 14. Rfe1 Re4 15. Bg3 Rae8 16. Bf1 Rxe1 17. Rxe1 Rxe1 18. Nxe1 Ne4 19. Nf3 Nxg3 20. hxg3 Bb1 21. a3 Ba2 22. Nbd4 Nxd4 23. Nxd4 Bxd4 24. cxd4 Bc4 25. g4 Kf8 26. f4 Ke7 27. Kf2 Kd6 28. g3 Bxf1 29. Kxf1 Kc6 30. Ke2 Kb5 31. Kd3 Ka4 32. Kc3 h6 33. f5 f6 34. Kc2 b5 35. Kc3 a5 36. g5 fxg5 37. g4 b4+ 38. axb4 axb4+ 39. Kc2 Ka5 40. Kd2 Kb6 41. Kc2 Kc6 42. Kd2 Kd6 43. Ke3 Ke7 44. Kf3 Kf6 45. Kg3 h5 46. b3 hxg4 0-1

[Event "SRB-chT2 West"]
[Site "Serbia"]
[Date "2007.10.21"]
[Round "11"]
[White "Puaca, Goran"]
[Black "Dumic, Marko"]
[Result "1-0"]
[WhiteElo "2145"]
[BlackElo "2248"]
[PlyCount "113"]
[EventDate "2007.09.09"]
[EventType "team"]
[EventRounds "11"]
[EventCountry "SRB"]
[SourceTitle "EXT 2012"]
[Source "ChessBase"]
[SourceDate "2011.11.24"]
[SourceVersion "1"]
[SourceVersionDate "2011.11.24"]
[SourceQuality "1"]
[WhiteTeam "Cacak Borac"]
[BlackTeam "Prijepolje Priko"]
[WhiteTeamCountry "SRB"]
[BlackTeamCountry "SRB"]

1. d4 Nf6 2. c4 e6 3. Nc3 Bb4 4. Qc2 d5 5. a3 Be7 6. cxd5 exd5 7. Bg5 0-0 8. e3 h6 9. Bh4 b6 10. Nf3 Bb7 11. Bd3 c5 12. 0-0 Nc6 13. dxc5 bxc5 14. Rfd1 d4 15. Na4 Nd7 16. Bxe7 Qxe7 17. Bf5 Nce5 18. Nxe5 Nxe5 19. Nxc5 dxe3 20. fxe3 Bc6 21. Qc3 Bxg2 22. Kxg2 Qg5+ 23. Kh1 Qxf5 24. e4 Qh5 25. Rd5 Rfe8 26. Rf1 f6 27. Qg3 Qf7 28. b4 Rac8 29. Qh3 Rc7 30. Rg1 Kh8 31. Rgd1 Kh7 32. Qf5+ g6 33. Qh3 h5 34. Qb3 Ree7 35. h3 g5 36. Rf1 Qg6 37. Rf5 Rg7 38. Rd6 Qe8 39. Rfxf6 Ng6 40. Qd5 Rce7 41. Ne6 Qc8 42. Nf8+ Qxf8 43. Rxf8 Nxf8 44. Qf5+ Kg8 45. Rd8 Ref7 46. Qd5 g4 47. h4 g3 48. Kg2 Rg6 49. Rd6 Rgg7 50. Rf6 Ng6 51. Rxf7 Rxf7 52. Kxg3 Kg7 53. Qxh5 Rc7 54. Qg4 Kh7 55. h5 Nf8 56. Qf5+ Kg7 57. h6+ 1-0

[Event "SRB-chT2 West"]
[Site "Serbia"]
[Date "2007.09.23"]
[Round "3.1"]
[White "Nikolic, Dragovan"]
[Black "Puaca, Goran"]
[Result "1-0"]
[WhiteElo "2296"]
[BlackElo "2145"]
[PlyCount "139"]
[EventDate "2007.09.09"]
[EventType "team"]
[EventRounds "11"]
[EventCountry "SRB"]
[SourceTitle "EXT 2012"]
[Source "ChessBase"]
[SourceDate "2011.11.24"]
[SourceVersion "1"]
[SourceVersionDate "2011.11.24"]
[SourceQuality "1"]
[WhiteTeam "Ub"]
[BlackTeam "Cacak Borac"]
[WhiteTeamCountry "SRB"]
[BlackTeamCountry "SRB"]

1. d4 Nf6 2. Nf3 g6 3. Bf4 Bg7 4. e3 0-0 5. Be2 d6 6. h3 c5 7. c3 Nc6 8. 0-0 cxd4 9. exd4 Be6 10. Nbd2 Qb6 11. Qc1 Rac8 12. Re1 Nd5 13. Nc4 Qd8 14. Bh6 Re8 15. Bxg7 Kxg7 16. Qg5 Nf6 17. Red1 h6 18. Qf4 Nh5 19. Qd2 Nf6 20. Qe1 Bxc4 21. Bxc4 e5 22. dxe5 Nxe5 23. Nxe5 Rxe5 24. Qf1 Qb6 25. Bb3 Ne4 26. Rd4 Nc5 27. Qd1 Rce8 28. Qf3 Ne6 29. Bxe6 fxe6 30. Rad1 d5 31. Rb4 Qc6 32. c4 Rf5 33. cxd5 exd5 34. Qb3 Re7 35. Rbd4 Rd7 36. Qe3 Qf6 37. Re1 Rf7 38. Re2 h5 39. Rdd2 b6 40. Qd4 Qxd4 41. Rxd4 Rd7 42. g4 hxg4 43. hxg4 Rf6 44. Red2 Rfd6 45. f4 Rf7 46. Kg2 Re6 47. Kf2 Re8 48. Ra4 Rh8 49. Kg3 Rd8 50. Rad4 Rfd7 51. Re2 Kf6 52. Re5 Rd6 53. Kf3 R8d7 54. b3 Rd8 55. g5+ Kf7 56. Kg4 Rh8 57. f5 gxf5+ 58. Kxf5 Rhd8 59. a3 R8d7 60. Re3 Rc6 61. Rh3 Kg8 62. Rhd3 Rf7+ 63. Kg4 Rf1 64. Rxd5 Rg1+ 65. Kf4 Rf1+ 66. Ke5 Re1+ 67. Kd4 Rg1 68. Re3 Rd1+ 69. Ke4 Rxd5 70. Kxd5 1-0